000 00579nam a22002177a 4500
003 UA-OsUOA
001 64970
007 ta
008 20091111b un ||||| |||| 00| 0 ukr d
100 _aСамофалов В.
090 _a330(477)
_bС17
942 _cSA
040 _aUA-OsUOA
_brus
_cUA-OsUOA
_dUA-OsUOA
245 _aЭкономизация внешней политики США: опыт для Украины
300 _aС.2-6
955 _a0
041 _arus
080 _a330(477)
773 0 _w64968
650 7 _a330 Економіка взагалі
_2UDC
999 _c351075
_d351075